Agricultura sustentable: un caso de simulación para Chile

Gorde:
Xehetasun bibliografikoak
Egile Nagusiak: Altieri, Miguel A (Egilea), Benito, Carlos (Egilea), Faeth, Paul (Egilea), Gómez-Lobo, Andrés (Egilea), Tomic, Tonci (Egilea), Valenzuela Barnech, Jorge (Egilea)
Formatua: Liburua
Hizkuntza:gaztelania
Argitaratua: Talca Universidad de Talca 1994
Gaiak:
Etiketak: Etiketa erantsi
Etiketarik gabe, Izan zaitez lehena erregistro honi etiketa jartzen!

MARC

LEADER 00000nam a2200000 a 4500
001 UCY7553
003 CL-VaPUC
008 950614e19940100CL |||||||||||||||||spa|d
082 0 4 |a 630  |b ALT  |2 21 
100 0 |a Altieri, Miguel A  |e author  |9 338084 
700 0 |a Benito, Carlos  |e author  |9 338085 
700 0 |a Faeth, Paul  |e author  |9 338086 
700 |a Gómez-Lobo, Andrés  |e author  |9 526213 
700 0 |a Tomic, Tonci  |e author  |9 338088 
700 0 |a Valenzuela Barnech, Jorge  |e author  |9 338089 
245 1 0 |a Agricultura sustentable: un caso de simulación para Chile 
300 |a 92 p 
942 |c BK 
945 |d 19950614 00:00:00  |a awong 
260 |a Talca  |b Universidad de Talca  |c 1994 
650 0 |a Agricultura  |9 255598 
650 7 |a MODELOS DE SIMULACION  |2 CL-VaPUC  |9 338090 
651 7 |a CHILE  |2 CL-VaPUC  |9 338091 
583 |a last modification  |c 19950614 00:00:00  |k Rodrigo Vera 
999 |c 234896  |d 234894 
952 |0 0  |1 0  |4 0  |6 630_000000000000000_ALT_1994  |7 0  |8 A  |9 241675  |a BIBAGR  |b BIBAGR  |d 2019-11-18  |i 3089983  |o 630 ALT 1994  |p 3089983  |r 2025-01-20  |w 2019-11-18  |y BK  |k AGR 
952 |0 0  |1 0  |4 0  |6 630_000000000000000_ALT_1994  |7 0  |8 A  |9 241676  |a BIBAGR  |b BIBAGR  |d 2019-11-18  |i 3125653  |o 630 ALT 1994  |p 3125653  |r 2025-01-20  |w 2019-11-18  |y BK  |k AGR